[Event "Madrid-ch Semifinal A"]
[Site "Madrid ESP"]
[Date "2016.03.08"]
[Round "2.4"]
[White "Iagar, Razvan-Gabriel"]
[Black "Madrigal Muga, Jose M"]
[Result "1-0"]
[WhiteElo "2136"]
[BlackElo "1982"]
[PlyCount "77"]
[EventDate "2016.03.07"]
[EventType "swiss"]
[EventRounds "9"]
[EventCountry "ESP"]
[Source "lmi"]
[SourceDate "2016.03.07"]

1. d4 Nf6 2. c4 g6 3. Nc3 Bg7 4. Nf3 O-O 5. g3 d6 6. Bg2 Nc6 7. O-O Bf5 8. d5
Nb8 9. Nd4 Bd7 10. Re1 c5 11. Nf3 Bg4 12. Nd2 Qc8 13. Qc2 Bh3 14. Bh1 Nbd7 15.
e4 Ne5 16. f4 Neg4 17. Nf3 h6 18. Bg2 Bxg2 19. Kxg2 Nd7 20. h3 Ngf6 21. Be3 Ne8
22. Bf2 e5 23. dxe6 fxe6 24. e5 dxe5 25. fxe5 Rxf3 26. Kxf3 Nxe5+ 27. Kg2 Kh7
28. Ne4 Qc6 29. Rad1 b6 30. b3 Rc8 31. Re3 Qb7 32. Kg1 Rc7 33. Qe2 Rf7 34. Rd8
Qe7 35. Rxe8 Qxe8 36. Nd6 Qe7 37. Nxf7 Qxf7 38. Rxe5 Bxe5 39. Qxe5 1-0

[Event "Madrid-ch Semifinal A"]
[Site "Madrid ESP"]
[Date "2016.03.08"]
[Round "2.5"]
[White "Marin Aso, Jose Luis"]
[Black "Nuñez Miranda, Adrian"]
[Result "0-1"]
[WhiteElo "1852"]
[BlackElo "2120"]
[PlyCount "88"]
[EventDate "2016.03.07"]
[EventType "swiss"]
[EventRounds "9"]
[EventCountry "ESP"]
[Source "lmi"]
[SourceDate "2016.03.07"]

1. e4 c5 2. Nc3 a6 3. Nf3 Nc6 4. d4 cxd4 5. Nxd4 e6 6. Be2 Nf6 7. O-O Qc7 8.
Be3 b5 9. Nxc6 dxc6 10. f4 b4 11. Na4 c5 12. c3 Rb8 13. Qc2 Bd7 14. cxb4 Rxb4
15. Nc3 Qb7 16. b3 Bc6 17. e5 Ne4 18. Bf3 Be7 19. Nxe4 Bxe4 20. Bxe4 Qxe4 21.
Qf2 Qc6 22. Rac1 Rb5 23. a4 Rxb3 24. Bxc5 Bxc5 25. Qxc5 Qxc5+ 26. Rxc5 O-O 27.
Rc6 Ra8 28. Rd1 Rb4 29. Rxa6 Rc8 30. Rc6 Ra8 31. Ra1 g5 32. a5 gxf4 33. a6 Ra7
34. Kf2 Kg7 35. Kf3 Kg6 36. Rd1 Ra4 37. Rdd6 Kf5 38. Rb6 Ra3+ 39. Kf2 Kxe5 40.
Rdc6 Ke4 41. Rb4+ Kf5 42. Rb5+ e5 43. Rbb6 Ra2+ 44. Kf1 Rd7 0-1

[Event "Madrid-ch Semifinal A"]
[Site "Madrid ESP"]
[Date "2016.03.08"]
[Round "2.6"]
[White "Camarero Izquierdo, Juan Carlos"]
[Black "Tereso Martin, Antonio"]
[Result "0-1"]
[WhiteElo "1844"]
[BlackElo "2013"]
[PlyCount "94"]
[EventDate "2016.03.07"]
[EventType "swiss"]
[EventRounds "9"]
[EventCountry "ESP"]
[Source "lmi"]
[SourceDate "2016.03.07"]

1. d4 d5 2. Nc3 Nf6 3. Bg5 Nbd7 4. f3 c6 5. Qd3 h6 6. Bh4 Qa5 7. e4 dxe4 8.
fxe4 e5 9. Bxf6 Nxf6 10. dxe5 Ng4 11. h3 Nxe5 12. Qg3 Bb4 13. Nge2 Be6 14.
O-O-O O-O 15. a3 Bxa3 16. Nf4 Be7 17. Nxe6 fxe6 18. Kb1 Rad8 19. Be2 Bf6 20.
Bg4 Nxg4 21. hxg4 Be5 22. Qh3 Qb4 23. Rxd8 Rxd8 24. Rd1 Rxd1+ 25. Nxd1 Qxe4 26.
g5 Bf4 27. gxh6 Bxh6 28. Nc3 Qf5 29. g4 Qg5 30. Qg2 Qc1+ 31. Ka2 Qd2 32. Qe4
Kf7 33. Qh7 Qg5 34. Qe4 Qa5+ 35. Kb1 Bg5 36. Qd3 Ke7 37. Ne4 Qe1+ 38. Ka2 Qa5+
39. Kb1 Bf4 40. Qc4 Qb5 41. Qc3 Be5 42. Qa3+ Ke8 43. g5 Qf1+ 44. Ka2 Qc4+ 45.
Qb3 Qxe4 46. Qxe6+ Kd8 47. g6 Qd5+ 0-1

[Event "Madrid-ch Semifinal A"]
[Site "Madrid ESP"]
[Date "2016.03.08"]
[Round "2.7"]
[White "Cabañas Bravo, Juan Andres"]
[Black "Lopez Heras, Arturo"]
[Result "1-0"]
[WhiteElo "2009"]
[BlackElo "1841"]
[PlyCount "73"]
[EventDate "2016.03.07"]
[EventType "swiss"]
[EventRounds "9"]
[EventCountry "ESP"]
[Source "lmi"]
[SourceDate "2016.03.07"]

1. e4 e6 2. d4 d5 3. Bd3 c5 4. exd5 exd5 5. Nf3 c4 6. Be2 Nf6 7. O-O Bd6 8. b3
cxb3 9. axb3 O-O 10. c4 h6 11. c5 Bc7 12. b4 Bg4 13. h3 Bh5 14. b5 Bxf3 15.
Bxf3 Nbd7 16. Qb3 Qe7 17. Ba3 Ne5 18. Bxd5 Nxd5 19. Qxd5 Rfd8 20. Qxb7 Nc4 21.
c6 Nxa3 22. Rxa3 Qd6 23. g3 Rdb8 24. Qa6 Qxd4 25. Nc3 Qd3 26. Kg2 Bb6 27. Qa4
Re8 28. Rd1 Qf5 29. Qf4 Qc5 30. Rd7 Re7 31. Rxe7 Qxe7 32. Rb3 Rd8 33. Na4 Bc7
34. Qe3 Kf8 35. Qxa7 Qe4+ 36. Rf3 Rd3 37. Qc5+ 1-0

[Event "Madrid-ch Semifinal A"]
[Site "Madrid ESP"]
[Date "2016.03.08"]
[Round "2.8"]
[White "Longa Yauca, Javier"]
[Black "Valencia De Loma, Sergio"]
[Result "1-0"]
[WhiteElo "2276"]
[BlackElo "1689"]
[PlyCount "57"]
[EventDate "2016.03.07"]
[EventType "swiss"]
[EventRounds "9"]
[EventCountry "ESP"]
[Source "lmi"]
[SourceDate "2016.03.07"]

1. e4 e5 2. Nf3 Nc6 3. Bb5 Nge7 4. Nc3 g6 5. d4 exd4 6. Nd5 Bg7 7. Bg5 h6 8.
Bf6 Bxf6 9. Nxf6+ Kf8 10. Qd2 a6 11. Bc4 b5 12. Bb3 Ng8 13. Nd5 Nf6 14. Qf4
Nxd5 15. exd5 g5 16. Qd2 Ne7 17. Qxd4 Rg8 18. d6 cxd6 19. Qf6 Rg7 20. O-O-O Bb7
21. Rhe1 Ng6 22. Qxd6+ Kg8 23. Nd4 g4 24. Kb1 Qg5 25. g3 Rc8 26. Qxd7 Rb8 27.
Nf5 Bc6 28. Qc7 Rf8 29. Nxg7 1-0

[Event "Madrid-ch Semifinal A"]
[Site "Madrid ESP"]
[Date "2016.03.08"]
[Round "2.9"]
[White "Nuñez Reiz, Antonio"]
[Black "Pashov, Spas Nikolov"]
[Result "1-0"]
[WhiteElo "2083"]
[BlackElo "1834"]
[PlyCount "25"]
[EventDate "2016.03.07"]
[EventType "swiss"]
[EventRounds "9"]
[EventCountry "ESP"]
[Source "lmi"]
[SourceDate "2016.03.07"]

1. e4 e5 2. Nf3 Nc6 3. Bb5 f5 4. Nc3 fxe4 5. Nxe4 d5 6. Nxe5 dxe4 7. Nxc6 Qg5
8. Qe2 Qxg2 9. Qh5+ Kd7 10. Ne5+ Kd6 11. Nc4+ Ke7 12. Qe8+ Kf6 13. Qe5+ 1-0

[Event "Madrid-ch Semifinal A"]
[Site "Madrid ESP"]
[Date "2016.03.08"]
[Round "2.10"]
[White "Lorenzo Bailador, Alfredo"]
[Black "Lopez de Turiso, Jose Angel"]
[Result "1/2-1/2"]
[WhiteElo "1991"]
[BlackElo "2051"]
[PlyCount "27"]
[EventDate "2016.03.07"]
[EventType "swiss"]
[EventRounds "9"]
[EventCountry "ESP"]
[Source "lmi"]
[SourceDate "2016.03.07"]

1. e4 e5 2. Nf3 Nf6 3. Nxe5 d6 4. Nf3 Nxe4 5. Qe2 Qe7 6. d3 Nf6 7. Bg5 Nbd7 8.
Nc3 Qxe2+ 9. Bxe2 h6 10. Bd2 Nb6 11. O-O-O Bd7 12. Rhe1 O-O-O 13. h3 g6 14. Nh2
1/2-1/2

[Event "Madrid-ch Semifinal A"]
[Site "Madrid ESP"]
[Date "2016.03.08"]
[Round "2.11"]
[White "Perez Cameselle, Francisco Jose"]
[Black "Perez Ordoñez, Jose Ramon"]
[Result "1/2-1/2"]
[WhiteElo "1868"]
[BlackElo "1966"]
[PlyCount "41"]
[EventDate "2016.03.07"]
[EventType "swiss"]
[EventRounds "9"]
[EventCountry "ESP"]
[Source "lmi"]
[SourceDate "2016.03.07"]

1. Nf3 c5 2. b3 Nc6 3. Bb2 d6 4. g3 e5 5. d3 Be7 6. Bg2 Be6 7. c4 h5 8. h4 Qd7
9. Qd2 Nh6 10. Nc3 f6 11. e3 Bg4 12. Nd5 Bd8 13. Bc3 O-O 14. e4 a6 15. a4 b6
16. Nh2 Bh3 17. O-O Bxg2 18. Kxg2 f5 19. f4 Rb8 20. Nf3 Ng4 21. fxe5 1/2-1/2

[Event "Madrid-ch Semifinal A"]
[Site "Madrid ESP"]
[Date "2016.03.08"]
[Round "2.12"]
[White "Martin Martin, Luis Vicente"]
[Black "Lozano Sanchez, Jose Antonio"]
[Result "1/2-1/2"]
[WhiteElo "2024"]
[BlackElo "1886"]
[PlyCount "21"]
[EventDate "2016.03.07"]
[EventType "swiss"]
[EventRounds "9"]
[EventCountry "ESP"]
[Source "lmi"]
[SourceDate "2016.03.07"]

1. d4 d5 2. Bf4 Nf6 3. e3 e6 4. Nf3 Bd6 5. Bg3 Ne4 6. Nbd2 Nxg3 7. hxg3 c5 8.
c3 Nc6 9. Bd3 h6 10. Qe2 Bd7 11. dxc5 1/2-1/2

[Event "Madrid-ch Semifinal A"]
[Site "Madrid ESP"]
[Date "2016.03.08"]
[Round "2.13"]
[White "Yague Sanchez, Sergio"]
[Black "Alvarez Abejon, Amilcar"]
[Result "1/2-1/2"]
[WhiteElo "1893"]
[BlackElo "2016"]
[PlyCount "44"]
[EventDate "2016.03.07"]
[EventType "swiss"]
[EventRounds "9"]
[EventCountry "ESP"]
[Source "lmi"]
[SourceDate "2016.03.07"]

1. d4 d5 2. c4 c6 3. cxd5 cxd5 4. Nc3 Nf6 5. Nf3 Nc6 6. Bf4 Bf5 7. e3 e6 8. Bd3
Bxd3 9. Qxd3 a6 10. a3 Qb6 11. O-O Rc8 12. h3 Be7 13. b4 O-O 14. Na4 Qa7 15.
Nc5 a5 16. Qb5 b6 17. Nd3 Ne4 18. Nde5 Nxe5 19. Nxe5 Nd6 20. Qa4 Nc4 21. Nc6
Qd7 22. b5 Bd6 1/2-1/2

[Event "Madrid-ch Semifinal A"]
[Site "Madrid ESP"]
[Date "2016.03.08"]
[Round "2.14"]
[White "Ciuro Muñoz, Ricardo"]
[Black "Martin-Consuegra Barrilero, Francisco Javier"]
[Result "1/2-1/2"]
[WhiteElo "2014"]
[BlackElo "1841"]
[PlyCount "95"]
[EventDate "2016.03.07"]
[EventType "swiss"]
[EventRounds "9"]
[EventCountry "ESP"]
[Source "lmi"]
[SourceDate "2016.03.07"]

1. e4 d6 2. d4 Nf6 3. Nc3 e5 4. Nf3 Nbd7 5. Bc4 Be7 6. O-O O-O 7. h3 c6 8. Bb3
exd4 9. Nxd4 Nc5 10. Re1 Nxb3 11. axb3 Re8 12. Bg5 h6 13. Bh4 g6 14. Bg3 d5 15.
e5 Nh5 16. Bh2 Ng7 17. Qd2 Kh7 18. Rad1 a6 19. Qf4 Rf8 20. Qe3 Bd7 21. Nde2 Nf5
22. Qd3 Ng7 23. Nf4 Bf5 24. Qe2 Qc8 25. Na4 Bd8 26. c4 b5 27. Nc3 dxc4 28. bxc4
Re8 29. g4 Be6 30. Nxe6 Rxe6 31. Ne4 Ba5 32. Nf6+ Rxf6 33. exf6 Bxe1 34. fxg7
Bb4 35. cxb5 cxb5 36. Qe4 a5 37. Qd5 Kxg7 38. Be5+ Kg8 39. Bf6 Qe8 40. Rd4 Bf8
41. Re4 Qb8 42. Be5 Qd8 43. Qxb5 Bg7 44. Bc3 Bxc3 45. bxc3 a4 46. Rd4 Qa5 47.
Qxa5 Rxa5 48. Rd2 1/2-1/2

[Event "Madrid-ch Semifinal A"]
[Site "Madrid ESP"]
[Date "2016.03.08"]
[Round "2.15"]
[White "Rosa Ramirez, Victor D"]
[Black "Roldan Garcia, Angel"]
[Result "1/2-1/2"]
[WhiteElo "1971"]
[BlackElo "1840"]
[PlyCount "136"]
[EventDate "2016.03.07"]
[EventType "swiss"]
[EventRounds "9"]
[EventCountry "ESP"]
[Source "lmi"]
[SourceDate "2016.03.07"]

1. e4 c5 2. c3 Nf6 3. e5 Nd5 4. d4 cxd4 5. cxd4 d6 6. Bc4 Nb6 7. Bb5+ Nc6 8. d5
a6 9. Bxc6+ bxc6 10. dxc6 e6 11. Nf3 Qc7 12. exd6 Bxd6 13. Qc2 Nd5 14. Bd2 Ne7
15. O-O Qxc6 16. Qd3 Bb7 17. Rc1 Qd5 18. Qxd5 Nxd5 19. Nc3 Nb4 20. Ne1 Ke7 21.
a3 Nc6 22. Ne4 Rhc8 23. Nxd6 Kxd6 24. Rc3 Ne7 25. Rd3+ Nd5 26. Bb4+ Kd7 27. h3
Ke8 28. Bd2 Rc4 29. Ba5 Rac8 30. Nf3 Nf4 31. Rb3 Bd5 32. Rb6 R4c6 33. Rxc6 Rxc6
34. Ne5 Rc2 35. Bc3 Ne2+ 36. Kf1 Nxc3 37. bxc3 Rxc3 38. a4 Rc2 39. a5 f6 40.
Ng4 Ra2 41. Rxa2 Bxa2 42. Ne3 Kd7 43. Nc2 e5 44. Ke1 Kc6 45. Nb4+ Kb5 46. Nxa2
Kxa5 47. Kd2 Kb5 48. Kc3 g5 49. g4 a5 50. Kd3 Kc5 51. Nc3 Kd6 52. Ne4+ Ke6 53.
f3 f5 54. Nxg5+ Kf6 55. h4 h6 56. Nh3 e4+ 57. fxe4 fxg4 58. Nf4 a4 59. Ke3 a3
60. Nd5+ Ke5 61. Nc3 h5 62. Na2 g3 63. Kf3 g2 64. Kxg2 Kxe4 65. Kg3 Kf5 66. Kf3
Ke5 67. Ke3 Kf5 68. Kf3 Ke5 1/2-1/2

[Event "Madrid-ch Semifinal A"]
[Site "Madrid ESP"]
[Date "2016.03.08"]
[Round "2.16"]
[White "Marcos Herrero, Francisco"]
[Black "Cano Mercado, Francisco Manuel"]
[Result "1/2-1/2"]
[WhiteElo "1963"]
[BlackElo "1837"]
[PlyCount "41"]
[EventDate "2016.03.07"]
[EventType "swiss"]
[EventRounds "9"]
[EventCountry "ESP"]
[Source "lmi"]
[SourceDate "2016.03.07"]

1. d4 d5 2. Nf3 Nf6 3. c4 e6 4. g3 Bb4+ 5. Bd2 Be7 6. Bg2 O-O 7. Qc2 Nbd7 8.
O-O Ne4 9. Rd1 c6 10. Nc3 Nxc3 11. Qxc3 Bf6 12. Bf4 c5 13. Be5 Bxe5 14. Nxe5
Nxe5 15. dxe5 d4 16. Qc2 Qc7 17. Qe4 Bd7 18. Qf4 Bc6 19. Bxc6 Qxc6 20. e3 dxe3
21. Qxe3 1/2-1/2

[Event "Madrid-ch Semifinal A"]
[Site "Madrid ESP"]
[Date "2016.03.08"]
[Round "2.17"]
[White "Fernandez Bonilla, M. Arcangel"]
[Black "Garcia Gutierrez, Jose"]
[Result "1/2-1/2"]
[WhiteElo "1829"]
[BlackElo "1947"]
[PlyCount "67"]
[EventDate "2016.03.07"]
[EventType "swiss"]
[EventRounds "9"]
[EventCountry "ESP"]
[Source "lmi"]
[SourceDate "2016.03.07"]

1. Nf3 d5 2. g3 h6 3. Bg2 Nf6 4. O-O Bf5 5. b3 e6 6. Ba3 Bd6 7. Bxd6 Qxd6 8. d3
O-O 9. Nbd2 Nbd7 10. Re1 Bh7 11. e4 dxe4 12. Nxe4 Qb6 13. Nxf6+ Nxf6 14. Ne5 c6
15. h4 Rad8 16. g4 Rd4 17. g5 hxg5 18. hxg5 Nd7 19. c3 Rf4 20. Qd2 Nxe5 21.
Rxe5 Rf5 22. Rxf5 Bxf5 23. d4 Rd8 24. Qe3 a5 25. Bf3 Qc7 26. Kg2 Qe7 27. Rh1 f6
28. Be4 Bxe4+ 29. Qxe4 fxg5 30. Qh7+ Kf7 31. Qh5+ Kg8 32. Qh7+ Kf7 33. Qh5+ Kg8
34. Qh7+ 1/2-1/2

[Event "Madrid-ch Semifinal A"]
[Site "Madrid ESP"]
[Date "2016.03.08"]
[Round "2.18"]
[White "Camacho Casado, Demetrio"]
[Black "Corral Aragon, Juan Maria"]
[Result "1-0"]
[WhiteElo "1899"]
[BlackElo "1805"]
[PlyCount "66"]
[EventDate "2016.03.07"]
[EventType "swiss"]
[EventRounds "9"]
[EventCountry "ESP"]
[Source "lmi"]
[SourceDate "2016.03.07"]

1. e4 c6 2. d3 d5 3. Nd2 dxe4 4. dxe4 e5 5. Ngf3 Bg4 6. Bc4 Bxf3 7. Qxf3 Qf6 8.
Qg3 Nd7 9. O-O Qg6 10. Qf3 Ngf6 11. a4 Bd6 12. Re1 O-O 13. h3 Nh5 14. Nf1 Nf4
15. Ng3 Rae8 16. Be3 Nb6 17. Bb3 Kh8 18. a5 Nc8 19. Nf5 Ne6 20. Nh4 Qf6 21.
Qxf6 gxf6 22. Nf5 Bc5 23. Bxe6 Bxe3 24. Bxc8 Bc5 25. Bxb7 Rb8 26. a6 h5 27. c3
Rg8 28. b4 Bb6 29. c4 Rg6 30. c5 Bc7 31. Rad1 Rbg8 32. g3 Bd8 33. Rd7 h4 1-0

[Event "Madrid-ch Semifinal A"]
[Site "Madrid ESP"]
[Date "2016.03.08"]
[Round "2.19"]
[White "Corredor San Jose, Antonio"]
[Black "Ruiz Quevedo, Andres"]
[Result "0-1"]
[WhiteElo "1772"]
[BlackElo "1896"]
[PlyCount "40"]
[EventDate "2016.03.07"]
[EventType "swiss"]
[EventRounds "9"]
[EventCountry "ESP"]
[Source "lmi"]
[SourceDate "2016.03.07"]

1. e4 c5 2. Nf3 g6 3. d4 cxd4 4. Nxd4 Bg7 5. Be3 Nc6 6. c3 Nf6 7. Nd2 O-O 8.
Bc4 d5 9. exd5 Nxd5 10. Nxc6 bxc6 11. Bc5 Rb8 12. Bb3 Qa5 13. Bxd5 cxd5 14. Bb4
Qb5 15. Nb3 Ba6 16. Nc5 d4 17. Nxa6 dxc3 18. bxc3 Qxa6 19. Qe2 Qa4 20. Rc1 a5
0-1

[Event "Madrid-ch Semifinal A"]
[Site "Madrid ESP"]
[Date "2016.03.09"]
[Round "3.1"]
[White "Nuñez Miranda, Adrian"]
[Black "Quevedo Marin, Manuel"]
[Result "1/2-1/2"]
[WhiteElo "2120"]
[BlackElo "2231"]
[PlyCount "137"]
[EventDate "2016.03.07"]
[EventType "swiss"]
[EventRounds "9"]
[EventCountry "ESP"]
[Source "lmi"]
[SourceDate "2016.03.07"]

1. e4 e5 2. Nf3 Nc6 3. Bc4 Nf6 4. d3 Be7 5. c3 O-O 6. O-O d5 7. exd5 Nxd5 8.
Re1 Bg4 9. h3 Bh5 10. Nbd2 Nb6 11. Bb5 f6 12. Ne4 Qd5 13. c4 Qd7 14. c5 Bxf3
15. gxf3 Nd5 16. Qb3 Kh8 17. Kg2 Rfd8 18. Bd2 Qe8 19. Bxc6 Qxc6 20. Qc4 Qe6 21.
Ng3 Qc6 22. Rac1 a6 23. Re4 Bf8 24. Rh4 Ne7 25. b4 Ng6 26. Rg4 Qd5 27. Be3 Qxd3
28. h4 Qxc4 29. Rcxc4 Rd1 30. h5 Ne7 31. f4 Nc6 32. f5 h6 33. a4 Rb1 34. Ne2
Rd8 35. Kf3 e4+ 36. Rcxe4 Ne5+ 37. Rxe5 fxe5 38. Ng3 Be7 39. Ne4 Rf8 40. Ng3
Rb3 41. Rc4 Kh7 42. Ke4 Re8 43. Ne2 Bg5 44. Nc1 Ra3 45. b5 axb5 46. axb5 Bxe3
47. fxe3 Rd8 48. c6 b6 49. Rc2 Ra4+ 50. Kxe5 Re8+ 51. Kd5 Rxe3 52. Ne2 Rb4 53.
Nd4 Re8 54. Ne6 Rxb5+ 55. Ke4 Re7 56. Rd2 Rb4+ 57. Ke5 Rf7 58. Rd7 Rb5+ 59. Ke4
Rbxf5 60. Nxc7 Rf4+ 61. Ke5 R7f5+ 62. Kd6 Rd4+ 63. Ke7 Rc4 64. Rd6 Rxh5 65. Ne6
Re5 66. Kd7 Rf5 67. c7 Rf7+ 68. Kd8 b5 69. c8=Q 1/2-1/2

[Event "Madrid-ch Semifinal A"]
[Site "Madrid ESP"]
[Date "2016.03.09"]
[Round "3.2"]
[White "Pastor Alonso De Prado, Alberto"]
[Black "Cabañas Bravo, Juan Andres"]
[Result "1-0"]
[WhiteElo "2141"]
[BlackElo "2009"]
[PlyCount "57"]
[EventDate "2016.03.07"]
[EventType "swiss"]
[EventRounds "9"]
[EventCountry "ESP"]
[Source "lmi"]
[SourceDate "2016.03.07"]

1. e4 e5 2. Nf3 Nc6 3. c3 f5 4. d4 fxe4 5. Nxe5 Qf6 6. Ng4 Qg6 7. Bf4 d5 8. Ne3
Qf7 9. Bg3 Be6 10. Bb5 a6 11. Be2 h5 12. h3 g5 13. Nd2 Bg7 14. f3 Nf6 15. O-O
Qd7 16. fxe4 dxe4 17. Rxf6 Bxf6 18. Nxe4 Be7 19. Bxh5+ Bf7 20. Bxf7+ Kxf7 21.
d5 Rad8 22. Qf3+ Kg6 23. dxc6 bxc6 24. Ng4 Qe6 25. Re1 Rhf8 26. Nef6 Bc5+ 27.
Kh2 Qf5 28. Qxf5+ Kxf5 29. Re5+ 1-0

[Event "Madrid-ch Semifinal A"]
[Site "Madrid ESP"]
[Date "2016.03.09"]
[Round "3.3"]
[White "Tereso Martin, Antonio"]
[Black "Iagar, Razvan-Gabriel"]
[Result "0-1"]
[WhiteElo "2013"]
[BlackElo "2136"]
[PlyCount "92"]
[EventDate "2016.03.07"]
[EventType "swiss"]
[EventRounds "9"]
[EventCountry "ESP"]
[Source "lmi"]
[SourceDate "2016.03.07"]

1. Nf3 d5 2. c4 c6 3. e3 Nf6 4. d4 e6 5. Nc3 Nbd7 6. cxd5 exd5 7. Bd3 Bd6 8.
O-O O-O 9. Re1 Re8 10. Qc2 Nf8 11. h3 Be6 12. a3 a5 13. e4 dxe4 14. Nxe4 Nxe4
15. Bxe4 h6 16. Bd2 Nd7 17. b4 axb4 18. Bxb4 Bxb4 19. axb4 Rxa1 20. Rxa1 Qb6
21. Re1 Nf6 22. Qc5 Qxc5 23. bxc5 Nxe4 24. Rxe4 b6 25. cxb6 Rb8 26. d5 Bxd5 27.
Rb4 Bxf3 28. gxf3 Kf8 29. Kf1 Ke7 30. Ke2 c5 31. Rb5 Kd6 32. Kd3 Kc6 33. Kc4
Rxb6 34. Rxc5+ Kd6 35. Rd5+ Ke6 36. Rd2 Rc6+ 37. Kd4 Rd6+ 38. Ke3 Rxd2 39. Kxd2
Kf5 40. Ke3 Kg5 41. f4+ Kh4 42. Kf3 Kxh3 43. f5 f6 44. Kf4 Kh4 45. f3 Kh5 46.
Ke4 Kg5 0-1

[Event "Madrid-ch Semifinal A"]
[Site "Madrid ESP"]
[Date "2016.03.09"]
[Round "3.4"]
[White "Longa Yauca, Javier"]
[Black "Gonzalez Mateos, Rafael"]
[Result "1-0"]
[WhiteElo "2276"]
[BlackElo "2003"]
[PlyCount "47"]
[EventDate "2016.03.07"]
[EventType "swiss"]
[EventRounds "9"]
[EventCountry "ESP"]
[Source "lmi"]
[SourceDate "2016.03.07"]

1. e4 e6 2. d4 d5 3. Nd2 a6 4. c3 c5 5. dxc5 Bxc5 6. Nb3 Be7 7. e5 Nc6 8. Nf3
f6 9. Bf4 fxe5 10. Nxe5 Nxe5 11. Bxe5 Nf6 12. Bd3 O-O 13. Nd4 Bd6 14. Qe2 Bxe5
15. Qxe5 Qe8 16. O-O Ng4 17. Qd6 Qh5 18. Rae1 e5 19. Qxd5+ Kh8 20. h3 Qh4 21.
Nf3 Qh5 22. hxg4 Bxg4 23. Rxe5 Qh6 24. Rfe1 1-0

[Event "Madrid-ch Semifinal A"]
[Site "Madrid ESP"]
[Date "2016.03.09"]
[Round "3.5"]
[White "Plazuelo Pascual, Juan"]
[Black "Nuñez Reiz, Antonio"]
[Result "1-0"]
[WhiteElo "2249"]
[BlackElo "2083"]
[PlyCount "155"]
[EventDate "2016.03.07"]
[EventType "swiss"]
[EventRounds "9"]
[EventCountry "ESP"]
[Source "lmi"]
[SourceDate "2016.03.07"]

1. d4 Nf6 2. c4 e6 3. Nc3 Bb4 4. Qc2 O-O 5. Nf3 d5 6. cxd5 exd5 7. Bf4 Nc6 8.
e3 a6 9. a3 Be7 10. Bd3 Re8 11. O-O h6 12. h3 Bd6 13. Bxd6 Qxd6 14. b4 Qe7 15.
Rfd1 Be6 16. Na4 Ne4 17. Rac1 Bc8 18. Nc5 Ng5 19. Nxg5 Qxg5 20. Kh2 Nd8 21. a4
b6 22. Nb3 Ra7 23. Nd2 Qf6 24. Kg1 c6 25. b5 axb5 26. axb5 Bd7 27. Qb3 cxb5 28.
Qxd5 Bc6 29. Qf5 Qxf5 30. Bxf5 g6 31. Bd3 Ra3 32. Bf1 b4 33. Nc4 Ra2 34. Nxb6
Be4 35. Bc4 Ra3 36. Nd7 Kg7 37. Nc5 Bf5 38. g4 Be6 39. d5 Bc8 40. Nd3 h5 41.
Bb5 Ba6 42. Bxa6 Rxa6 43. Nxb4 Ra4 44. Rd4 hxg4 45. hxg4 Nb7 46. Kg2 Nd6 47.
Nc6 Ra2 48. Nb4 Ra4 49. Nc6 Ra2 50. Kf3 f5 51. gxf5 gxf5 52. Nb4 Rb2 53. Rc7+
Kg8 54. Rc2 Rb1 55. Nd3 Re4 56. Rc6 Rxd4 57. exd4 Rb3 58. Rxd6 Rxd3+ 59. Kf4
Kf7 60. Ra6 Rxd4+ 61. Ke5 Rd2 62. f4 Rd1 63. d6 Ke8 64. Ra7 Kd8 65. Ke6 Re1+
66. Kxf5 Rf1 67. Ke5 Rf2 68. f5 Re2+ 69. Kf6 Rf2 70. Ke6 Re2+ 71. Kf7 Rf2 72.
f6 Rf1 73. Re7 Rd1 74. Ke6 Re1+ 75. Kd5 Rd1+ 76. Kc5 Rc1+ 77. Kb4 Rb1+ 78. Kc3
1-0

[Event "Madrid-ch Semifinal A"]
[Site "Madrid ESP"]
[Date "2016.03.09"]
[Round "3.6"]
[White "Lopez de Turiso, Jose Angel"]
[Black "Ruiz Quevedo, Andres"]
[Result "1-0"]
[WhiteElo "2051"]
[BlackElo "1896"]
[PlyCount "37"]
[EventDate "2016.03.07"]
[EventType "swiss"]
[EventRounds "9"]
[EventCountry "ESP"]
[Source "lmi"]
[SourceDate "2016.03.07"]

1. d4 Nf6 2. c4 c5 3. Nf3 cxd4 4. Nxd4 b6 5. Nc3 Bb7 6. f3 e6 7. e4 d6 8. Be3
Be7 9. Qd2 O-O 10. O-O-O a6 11. g4 b5 12. g5 b4 13. Nce2 Nfd7 14. Kb1 d5 15.
cxd5 exd5 16. exd5 Ne5 17. Nf5 Nc4 18. Qd4 Nxe3 19. Qxg7# 1-0

[Event "Madrid-ch Semifinal A"]
[Site "Madrid ESP"]
[Date "2016.03.09"]
[Round "3.7"]
[White "Lozano Sanchez, Jose Antonio"]
[Black "Lorenzo Bailador, Alfredo"]
[Result "0-1"]
[WhiteElo "1886"]
[BlackElo "1991"]
[PlyCount "100"]
[EventDate "2016.03.07"]
[EventType "swiss"]
[EventRounds "9"]
[EventCountry "ESP"]
[Source "lmi"]
[SourceDate "2016.03.07"]

1. e4 e5 2. Nf3 Nc6 3. Bc4 Nf6 4. d3 Bc5 5. Nc3 d6 6. Bg5 Na5 7. Bb3 Nxb3 8.
axb3 c6 9. Na4 Bb4+ 10. Bd2 Bxd2+ 11. Qxd2 Bg4 12. b4 Bxf3 13. gxf3 Nh5 14. Nc3
Nf4 15. Ne2 g5 16. Ng3 Ng2+ 17. Ke2 Nh4 18. Qe3 a6 19. Rhg1 h6 20. d4 Qf6 21.
Nh5 Qg6 22. Ng3 Rd8 23. Rad1 O-O 24. dxe5 dxe5 25. Rxd8 Rxd8 26. Rd1 Rxd1 27.
Kxd1 Qd6+ 28. Ke2 Qxb4 29. b3 c5 30. Qd3 Qd4 31. Qe3 Kf8 32. Nf1 Ke7 33. c3 Qd6
34. Qc1 Ng2 35. Qc2 Nf4+ 36. Ke3 Qb6 37. c4 Ne6 38. Ng3 Nd4 39. Nf5+ Kf6 40.
Nxd4 exd4+ 41. Kd3 Ke5 42. Qd1 Qb4 43. Qc2 Kf4 44. Qc1+ Kxf3 45. Qd1+ Kf4 46.
Qh5 Qxb3+ 47. Kd2 Qc3+ 48. Ke2 Qxc4+ 49. Ke1 d3 50. f3 Ke3 0-1

[Event "Madrid-ch Semifinal A"]
[Site "Madrid ESP"]
[Date "2016.03.09"]
[Round "3.8"]
[White "Martos De La Vega, Alvar"]
[Black "Perez Cameselle, Francisco Jose"]
[Result "1-0"]
[WhiteElo "1990"]
[BlackElo "1868"]
[PlyCount "41"]
[EventDate "2016.03.07"]
[EventType "swiss"]
[EventRounds "9"]
[EventCountry "ESP"]
[Source "lmi"]
[SourceDate "2016.03.07"]

1. d4 Nf6 2. c4 c5 3. d5 e6 4. Nc3 exd5 5. cxd5 d6 6. e4 g6 7. Bd3 Bg7 8. h3
O-O 9. Nf3 Re8 10. O-O Na6 11. Re1 Nc7 12. a4 b6 13. Bf4 a6 14. Qb3 Rb8 15. e5
dxe5 16. Nxe5 Bd7 17. Nxf7 Kxf7 18. Bxc7 Qxc7 19. d6+ Be6 20. Rxe6 Qd8 21. Re7+
1-0